[Event "Budapest FS02 GM"]
[Site "Budapest"]
[Date "2010.02.08"]
[Round "3"]
[White "Quinn, Mark"]
[Black "Sharma, Dinesh Kumar"]
[Result "1/2-1/2"]
[WhiteElo "2401"]
[BlackElo "2344"]
[PlyCount "60"]
[EventDate "2010.02.06"]
[EventType "tourn"]
[EventRounds "13"]
[EventCountry "HUN"]
[EventCategory "7"]
[SourceTitle "CBM 134 Extra"]
[Source "ChessBase"]
[SourceDate "2010.03.03"]
[SourceVersion "1"]
[SourceVersionDate "2010.03.03"]
[SourceQuality "1"]

1. c4 f5 2. Nc3 Nf6 3. d4 g6 4. f3 Bg7 5. e4 d6 6. exf5 Bxf5 7. g4 Bd7 8. h4 Nc6 9. Be3 e5 10. d5 Nd4 11. h5 gxh5 12. g5 Ng8 13. Ne4 Qe7 14. Qd2 h6 15. Rxh5 Qf7 16. Rh2 hxg5 17. Rxh8 Bxh8 18. Nxg5 Qh5 19. 0-0-0 Ne7 20. Bxd4 exd4 21. Re1 Bf6 22. Ne6 Bxe6 23. Rxe6 Kf7 24. f4 Rg8 25. Nh3 Qf5 26. Qe1 Ng6 27. Qe4 Qxe4 28. Rxe4 Ne7 29. Kd2 Nf5 30. Ng5+ Bxg5 1/2-1/2

[Event "Padova op-A 12th"]
[Site "Padova"]
[Date "2009.12.16"]
[Round "5.9"]
[White "Quinn, Mark"]
[Black "Rettore, Ludwig"]
[Result "1-0"]
[WhiteElo "2393"]
[BlackElo "2197"]
[PlyCount "59"]
[EventDate "2009.12.13"]
[EventType "swiss"]
[EventRounds "9"]
[EventCountry "ITA"]
[SourceTitle "EXT 2024"]
[Source "ChessBase"]
[SourceDate "2023.10.10"]
[SourceVersion "1"]
[SourceVersionDate "2023.10.10"]
[SourceQuality "1"]

1. c4 c6 2. d4 d5 3. Nf3 e6 4. Qc2 dxc4 5. Qxc4 Nf6 6. g3 b5 7. Qc2 Bb7 8. Bg2 Qc7 9. Bf4 Qa5+ 10. Bd2 Qc7 11. a4 b4 12. 0-0 c5 13. Bxb4 Na6 14. Ba3 Rc8 15. Nbd2 cxd4 16. Qxc7 Rxc7 17. Bxf8 Rxf8 18. Rfc1 Ke7 19. Rxc7+ Nxc7 20. Nxd4 Rd8 21. N2b3 Ne4 22. Rc1 Na6 23. e3 Bd5 24. Nc6+ Bxc6 25. Rxc6 Rd1+ 26. Bf1 Nb4 27. Rc4 Ng5 28. Rxb4 Nf3+ 29. Kg2 Ne1+ 30. Kh3 1-0

[Event "Padova op-A 12th"]
[Site "Padova"]
[Date "2009.12.14"]
[Round "2.5"]
[White "Quinn, Mark"]
[Black "Laketic, Gojko"]
[Result "1-0"]
[WhiteElo "2393"]
[BlackElo "2468"]
[PlyCount "81"]
[EventDate "2009.12.13"]
[EventType "swiss"]
[EventRounds "9"]
[EventCountry "ITA"]
[SourceTitle "EXT 2024"]
[Source "ChessBase"]
[SourceDate "2023.10.10"]
[SourceVersion "1"]
[SourceVersionDate "2023.10.10"]
[SourceQuality "1"]

1. d4 Nf6 2. c4 e6 3. Nc3 d5 4. cxd5 exd5 5. Bg5 c6 6. Qc2 Be7 7. e3 Nbd7 8. Bd3 0-0 9. Nge2 Re8 10. 0-0 Nf8 11. f3 c5 12. Bh4 a6 13. Kh1 c4 14. Bf5 b5 15. a3 Bb7 16. Rad1 g6 17. Bh3 Nh5 18. Bf2 f5 19. e4 fxe4 20. fxe4 dxe4 21. d5 e3 22. Bxe3 Bxa3 23. Bh6 Bb4 24. Qd2 Re5 25. Qd4 Qd6 26. Qf2 Qe7 27. d6 Bxd6 28. Rxd6 Qxd6 29. Qf7+ Kh8 30. Bxf8 Rxf8 31. Qxf8+ Qxf8 32. Rxf8+ Kg7 33. Rb8 Re7 34. Kg1 b4 35. Nd1 a5 36. Kf2 Ba6 37. Ra8 c3 38. Rxa6 c2 39. Ne3 Nf4 40. Nc1 b3 41. Rxa5 1-0

[Event "Padova op-A 12th"]
[Site "Padova"]
[Date "2009.12.14"]
[Round "3.4"]
[White "Quinn, Mark"]
[Black "Lazic, Miroljub"]
[Result "1/2-1/2"]
[WhiteElo "2393"]
[BlackElo "2454"]
[PlyCount "71"]
[EventDate "2009.12.13"]
[EventType "swiss"]
[EventRounds "9"]
[EventCountry "ITA"]
[SourceTitle "EXT 2024"]
[Source "ChessBase"]
[SourceDate "2023.10.10"]
[SourceVersion "1"]
[SourceVersionDate "2023.10.10"]
[SourceQuality "1"]

1. Nf3 d5 2. c4 e6 3. g3 Nf6 4. Bg2 Be7 5. 0-0 0-0 6. d4 c6 7. Qc2 Nbd7 8. Rd1 b6 9. Nc3 Bb7 10. b3 Rc8 11. e4 Ba8 12. e5 Ne8 13. h4 h6 14. cxd5 cxd5 15. Qd3 Nc7 16. Nb5 Nxb5 17. Qxb5 Nb8 18. Bd2 Bb7 19. Bf1 Ba6 20. Qa4 Qe8 21. Qxe8 Rfxe8 22. a3 Bxf1 23. Kxf1 Nc6 24. Ke2 Na5 25. Rdb1 Rc7 26. Kd3 Rec8 27. Rb2 h5 28. Ng1 f6 29. Ne2 Kf7 30. f4 Kg6 31. Nc3 Kf5 32. Nb5 Rd7 33. Nc3 Kg6 34. Ne2 f5 35. Nc3 Kf7 36. Nb5 1/2-1/2

[Event "IRL-ch"]
[Site "Dublin"]
[Date "2009.07.08"]
[Round "6"]
[White "Quinn, Mark"]
[Black "O'Connell, Gerard"]
[Result "1-0"]
[WhiteElo "2404"]
[BlackElo "2121"]
[PlyCount "75"]
[EventDate "2009.07.04"]
[EventType "swiss"]
[EventRounds "9"]
[EventCountry "IRL"]
[SourceTitle "CBM 131 Extra"]
[Source "ChessBase"]
[SourceDate "2009.09.03"]
[SourceVersion "2"]
[SourceVersionDate "2009.09.16"]
[SourceQuality "1"]

1. d4 Nf6 2. c4 g6 3. Nc3 d5 4. Bf4 Bg7 5. e3 0-0 6. Nf3 c5 7. dxc5 Qa5 8. Nd2 Ne4 9. cxd5 Nxc3 10. bxc3 Bxc3 11. Rc1 Bf5 12. f3 Bb2 13. Rc4 b5 14. cxb6 axb6 15. Be2 b5 16. Rc5 Bc3 17. a4 Bxd2+ 18. Qxd2 Qxd2+ 19. Kxd2 bxa4 20. Ra1 Nd7 21. Rb5 Nf6 22. e4 Bd7 23. Rb7 Rfd8 24. Bc7 Re8 25. Be5 Bc8 26. Rb4 Bd7 27. Ra3 Ra5 28. Bc3 Rea8 29. Rb2 R5a7 30. Bd4 Rc7 31. d6 Rc6 32. dxe7 Re8 33. Rxa4 Rxe7 34. Ra8+ Ne8 35. Rb7 Kf8 36. Raa7 Rd6 37. Kc3 Rc6+ 38. Kb4 1-0

[Event "IRL-ch"]
[Site "Dublin"]
[Date "2009.07.05"]
[Round "2"]
[White "Quinn, Mark"]
[Black "Fitzsimons, David"]
[Result "1-0"]
[WhiteElo "2404"]
[BlackElo "2167"]
[PlyCount "175"]
[EventDate "2009.07.04"]
[EventType "swiss"]
[EventRounds "9"]
[EventCountry "IRL"]
[SourceTitle "CBM 131 Extra"]
[Source "ChessBase"]
[SourceDate "2009.09.03"]
[SourceVersion "2"]
[SourceVersionDate "2009.09.16"]
[SourceQuality "1"]

1. d4 Nf6 2. c4 e6 3. Nf3 Bb4+ 4. Bd2 a5 5. Nc3 0-0 6. Qc2 d6 7. a3 Bxc3 8. Bxc3 Nc6 9. e3 Re8 10. Rd1 Qe7 11. d5 Nb8 12. dxe6 Bxe6 13. Ng5 Nbd7 14. Bd3 h6 15. Bh7+ Kf8 16. Nxe6+ Qxe6 17. Bf5 Qe7 18. b3 Ne5 19. Bb2 Rab8 20. 0-0 b5 21. cxb5 Rxb5 22. a4 Rb7 23. Bc3 Ra7 24. Rfe1 Rb8 25. f4 Ned7 26. e4 c6 27. Qf2 Ra6 28. Qd4 Rxb3 29. e5 dxe5 30. fxe5 Nd5 31. e6 fxe6 32. Bxe6 Qc5 33. Ba1 Qxd4+ 34. Bxd4 Rb7 35. Rd2 N5f6 36. Rf2 c5 37. Bc4 Rd6 38. Bc3 Nb6 39. Bb5 Ra7 40. Rc1 Nbd5 41. Be5 Re6 42. Bg3 Nb6 43. Rxc5 Re4 44. Ra2 Rd4 45. h3 Ne4 46. Rf5+ Kg8 47. Be5 Rd1+ 48. Rf1 Rd5 49. Ba1 Rc7 50. Ra3 Nc4 51. Raf3 Ncd2 52. Rf8+ Kh7 53. R8f7 Nxf1 54. Rxc7 Rd1 55. Rxg7+ Kh8 56. Rf7+ Rxa1 57. Rxf1 Ra2 58. Rc1 Kg7 59. Rc6 Ra1+ 60. Kh2 Ra2 61. h4 Ra3 62. Rc4 Nd6 63. Rc7+ Kf6 64. Bd7 Ne4 65. Ra7 Nc5 66. Bc6 Nd3 67. g3 Ne5 68. Be8 Nc4 69. Rf7+ Ke6 70. Rh7 Nb2 71. Rxh6+ Ke7 72. Bc6 Nxa4 73. Bxa4 Rxa4 74. Ra6 Kd7 75. h5 Kc7 76. h6 Ra2+ 77. Kh3 Ra1 78. Kh4 Kb7 79. Rf6 a4 80. g4 a3 81. Rf2 Rh1+ 82. Kg5 Rb1 83. h7 Rb5+ 84. Kg6 Rb6+ 85. Kg7 Rb2 86. Rf3 a2 87. Ra3 Rg2 88. h8Q 1-0

[Event "Olympiad-38"]
[Site "Dresden"]
[Date "2008.11.22"]
[Round "9"]
[White "Bayarmandakh, Balgan"]
[Black "Quinn, Mark"]
[Result "1-0"]
[WhiteElo "2339"]
[BlackElo "2401"]
[PlyCount "161"]
[EventDate "2008.11.13"]
[EventType "team-swiss"]
[EventRounds "11"]
[EventCountry "GER"]
[SourceTitle "CBM 128"]
[Source "ChessBase"]
[SourceDate "2009.01.28"]
[SourceVersion "1"]
[SourceVersionDate "2009.01.28"]
[SourceQuality "1"]
[WhiteTeam "Mongolia"]
[BlackTeam "Ireland"]
[WhiteTeamCountry "MGL"]
[BlackTeamCountry "IRL"]

1. d4 Nf6 2. c4 e6 3. g3 c5 4. d5 d6 5. Nc3 exd5 6. cxd5 g6 7. Bg2 Bg7 8. e4 0-0 9. Nge2 Re8 10. 0-0 b5 11. e5 Rxe5 12. Bf4 Rh5 13. Nxb5 Bf8 14. Qd2 a6 15. Na3 Bh3 16. Bxh3 Rxh3 17. Bg5 Rh5 18. g4 Rxg5 19. Qxg5 h6 20. Qf4 Nxd5 21. Qf3 Nc7 22. Rad1 Nd7 23. Nc3 Ne5 24. Qg2 Qd7 25. h3 Qc6 26. Qxc6 Nxc6 27. Nc4 Rd8 28. Ne3 Rb8 29. b3 Nb4 30. Rd2 Ne6 31. Ncd5 Nxd5 32. Nxd5 Nd4 33. Kg2 a5 34. f4 Bg7 35. f5 Be5 36. Rdf2 g5 37. f6 Kf8 38. h4 Ke8 39. hxg5 hxg5 40. Rh1 Kd7 41. Rh7 Rf8 42. Nb6+ Ke6 43. Nc4 Nc6 44. Nxe5 Nxe5 45. Kg3 a4 46. bxa4 Ra8 47. Rh5 Rxa4 48. Rxg5 Ra3+ 49. Kg2 c4 50. Rg8 c3 51. g5 Nd3 52. Re8+ Kd5 53. g6 c2 54. Rxc2 Nf4+ 55. Kf2 Nxg6 56. Rd2+ Kc6 57. Rd8 Ne5 58. Rc2+ Kd5 59. Rd2+ Kc6 60. R8xd6+ Kc7 61. R6d5 Ng4+ 62. Ke1 Nxf6 63. Rc5+ Kb6 64. Rf5 Ne4 65. Rb2+ Ka6 66. Rxf7 Rh3 67. Rg2 Nc3 68. Rf4 Rd3 69. Rg6+ Kb5 70. Rg5+ Rd5 71. Rxd5+ Nxd5 72. Rf5 Kc6 73. Kd2 Nb4 74. a3 Na6 75. Kc3 Kb6 76. Kc4 Kc6 77. Rf6+ Kb7 78. a4 Ka7 79. Kb5 Nc7+ 80. Kc6 Na8 81. Rf8 1-0